000 00520nam a2200169 a 4500
005 20140412111245.0
008 010809s19uu xx 00 eng d
020 _a971-36-0621-3
050 _aFil E
_bAl6 1997
100 _aMari Ann, Jeanna
245 _aAnd almusal ni Waway buwaya /
_cistorya ni Jeanna Mari Ann ; guhit ni El Ortizluis.
260 _aValenzuela :
_bS.G.E. Printers,
_c1997.
300 _a32p. ; ill.
650 _aFolktales, Philippines
650 _aChildren's stories,Filipino
999 _c102893
_d102893